| 000 | 00461nam a22001937a 4500 | ||
|---|---|---|---|
| 003 | Ost | ||
| 005 | 20200701102328.0 | ||
| 008 | 200701b ||||| |||| 00| 0 eng d | ||
| 020 | _a007460225x | ||
| 040 | _cBT-PhCST | ||
| 050 | _a3931 | ||
| 082 |
_222 _a537.20 |
||
| 100 | _aMagajan, A. S. | ||
| 245 | _aElectricity and magnetism / | ||
| 260 |
_aNew Delhi, _bTata McGraw-Hill, _cc2002. |
||
| 300 |
_a0 _bill. ; |
||
| 700 | _aRangwala, A. A. | ||
| 942 |
_2ddc _cPHY |
||
| 999 |
_c872 _d872 |
||